书目信息 |
| 题名: |
宋赵佶瘦金书
|
|
| 作者: | 赵佶 书 ;故宫博物院 编 | |
| 分册: | ||
| 出版信息: | 北京 紫禁城出版社 1985 |
|
| 页数: | 1册 | |
| 开本: | 26cm | |
| 丛书名: | 故宫博物院珍藏历代碑帖墨迹选 | |
| 单 册: | ||
| 中图分类: | J292.25 , J292.2 | |
| 科图分类: | ||
| 主题词: | 楷书-法书--中国--北宋 , 法书-楷书--中国--北宋 | |
| 电子资源: | ||
| ISBN: | ||
| 000 | 00892oam2 2200289 450 | |
| 001 | 1537248620 | |
| 005 | 20150131102119.39 | |
| 010 | @dCNY0.30 | |
| 091 | @a8314.029 | |
| 100 | @a19930908d1985 em y0chiy0110 ea | |
| 101 | 0 | @achi |
| 102 | @aCN@b110000 | |
| 105 | @ay z 000yy | |
| 200 | 1 | @a宋赵佶瘦金书@9song zhao ji shou jin shu@f(北宋)赵佶书@g故宫博物院《历代碑帖墨迹选》编辑组编 |
| 210 | @a北京@c紫禁城出版社@d1985 | |
| 215 | @a1册@d26cm | |
| 225 | 2 | @a故宫博物院珍藏历代碑帖墨迹选 |
| 304 | @a赵佶, 既宋徽宗(1082-1135),历史上有名的昏君 | |
| 461 | 0 | @12001 @a故宫博物院珍藏历代碑帖墨迹选 |
| 606 | 0 | @a楷书-法书@y中国@z北宋 |
| 606 | 0 | @a法书-楷书@y中国@z北宋 |
| 690 | @aJ292.25@v5 | |
| 690 | @aJ292.2@v4 | |
| 701 | 0 | @c(宋)@a赵佶@9zhao ji@f(1082~1135)@4书 |
| 712 | 02 | @a故宫博物院@9gu gong bo wu yuan@4编 |
| 801 | 0 | @aCN@bTSSF@c20150131 |
| 905 | @aZUCC@dJ292.2@eJY52 | |
| 宋赵佶瘦金书/(北宋)赵佶书/故宫博物院《历代碑帖墨迹选》编辑组编.-北京:紫禁城出版社,1985 |
| 1册;26cm.-(故宫博物院珍藏历代碑帖墨迹选) |
| ISBN :CNY0.30 |
| ● |
| 相关链接 |
|
|
|
|
正题名:宋赵佶瘦金书
索取号:J292.2/JY52
 
预约/预借
| 序号 | 登录号 | 条形码 | 馆藏地/架位号 | 状态 | 备注 |
| 1 | 7862754 | 278627540 | 学院路分馆/ [索取号:J292.2/JY52] | 在馆 |